| 000 | 00741nam a2200265 a 4500 | ||
|---|---|---|---|
| 003 | AR-BaBNM | ||
| 005 | 20251128205301.0 | ||
| 008 | 082120s2002 ||||||||||||||000 | spa|| | ||
| 020 | _a950-686-027-0 | ||
| 040 | _cAR-BaBNM | ||
| 100 | 1 | _aSola González, Alfonso | |
| 245 | 0 | 0 | _aElegías de San Miguel |
| 260 |
_aParaná _bDe Entre Ríos _c1992 |
||
| 300 |
_a58 p. _bil. |
||
| 490 | 0 | _aHomenajes | |
| 500 | _aContiene un breve comentario de la obra a cargo de Marta Zamarripa en contratapa | ||
| 650 | 4 | _aLITERATURA ARGENTINA | |
| 650 | 4 | _aPOESIA | |
| 650 | 4 | _aLITERATURA CONTEMPORANEA | |
| 653 | _aINFLUENCIA CLASICA | ||
| 655 | _aLITERATURA | ||
| 700 | 1 |
_aSoldato, Atilio del _eilustrador |
|
| 942 | _cBK | ||
| 998 | _cMARTIN | ||
| 999 |
_c10736 _d10736 |
||